000 00301nam a2200121 i 4500
001 bg
245 0 _aPolskie przyspieszenie 1971 - 1975 :
_braport dziennikarzy "Polityki".
260 _aWarszawa,
_c1975.
040 _cBPK
041 _apol
942 _cKS
008 s pl f |000 0 pol
999 _c26838
_d26838
856 _uhttp://koha.tu.koszalin.pl/cgi-bin/koha/opac-detail.pl?biblionumber=26838
_yKatalog online BPK